000 00693nam a2200217 4500
001 174941
003 ES-MaACL
005 20251108164954.0
008 100726s2006 no af |||| |bspa d
020 _a82-91615-09-8
080 _a821.113.5 Ibsen, Henrik (060.64)
245 0 0 _aEscribir es ver
_b: Ibsen contemporáneo : [exposición].
246 3 _aIbsen 2006
260 _a[Oslo] :
_bNorsk Folkemuseum :
_bIbsenmuseet,
_c2006.
300 _a26 p. :
_bil. col. ;
_c20 x 20 cm.
600 1 7 _aIbsen, Henrik,
_d1828-1906-
_vExposiciones
_2
_9143250
655 7 _2tgfbne
_9193628
_aCatálogos de exposiciones
852 _aES-MaACL
_j2281-F-1
942 _2udc
999 _c174941
_d174941